=LDR 00000nam 2200000 4500 =001 000916 =005 20250712123749 =035 ##$$a 0010-0725000794 =007 ta =008 250712################a##########0#ind## =020 ##$$a 978-623-307-410-0 =082 ##$$a 398.209 598 =084 ##$$a 398.209 598 KOY p =100 #$$a Lesley Koyi =245 1#$$a Pergi ke kota besar /$c Lesley Koyi =250 ##$$a Cetakan Pertama =260 ##$$a Rawamangun :$b Badan Pengembangan dan Pembinaan Bahasa,$c 2022 =300 ##$$a 16 hlm. : $b Ilus. ; $c 21 cm. =650 #4$$a Cerita Anak Indonesia - Terjemahan =650 #4$$a Literasi - Bahan bacaan =700 #$$a Ursula Nafula =856 ##$$a TBM AS SUHADA